Представление документа в формате RUSMARC

ПолеНазваниеЗначение
  Тип записи a
  Библиографический уровень m
001 Контрольный номер 42e414f30397447ca4450834b7b79e4d
005 Дата корректировки 20170131092222.9
010 Индекс ISBN __
a ISBN 978-5-394-01344-7
d Цена 220.00
101 Язык документа 0_
a Язык текста rus
102 Страна публикации __
a Страна публикации RU
200 Заглавие и сведения об ответственности 1_
a Заглавие Товары для строительства, отделки и оборудования помещений
e Сведения, относящиеся к заглавию лаборатор. практикум
b Общее обозначение материала Текст
f Первые сведения об ответственности Ф. А. Петрище, А. Ю. Петров, М. А. Черная
210 Выходные данные 1_
d Дата издания 2017
c Издательство Дашков и К
a Место издания М.
215 Физическое описание __
a Объем 292 с.
610 Ключевые слова 0_
a Ключевые слова лабораторный практикум
610 Ключевые слова 0_
a Ключевые слова товароведение непродовольственных товаров
610 Ключевые слова 0_
a Ключевые слова строительные товары
610 Ключевые слова 0_
a Ключевые слова товароведная экспертиза
a Ключевые слова отделочные материалы
a Ключевые слова ассортимент
a Ключевые слова высшее образование
686 Индексы других классификаций __
a Классификационный индекс 30.609
2 Код системы rubbk
686 Индексы других классификаций __
a Классификационный индекс 30.609я73
2 Код системы rubbk
700 Автор _1
a Фамилия Петрище
b Имя Ф. А.
701 Альтернативная интеллектуальная ответственность _1
a Фамилия Петров
b Имя А. Ю.
701 Альтернативная интеллектуальная ответственность _1
a Фамилия Черная
b Имя М. А.
801 Источник записи _0
a Страна RU
b Организация РУК
c Дата составления 20170123
g Правила каталогизации PSBO
801 Источник записи _1
a Страна RU
b Организация РУК
g Правила каталогизации PSBO
852 Данные о местонахождении __
j Шифр хранения ББК 30.609
i Авторский знак П 30
901 Тип документа __
t Тип документа m
912 Принадлежность преподавателя к РУК __
a Принадлежность преподавателя к РУК преподаватель Головного вуза
937 Технологическая информация __
a Создатель записи (имя) Мясникова Г.Ю.
938 Служебная информация __
a Название организации Головной вуз
952 Тип литературы __
c Вид литературы практикум